| 000 | 00479nam a2200169Ia 4500 | ||
|---|---|---|---|
| 005 | 20250923144622.0 | ||
| 008 | 008 250917s9999 xx 000 0 eng d | ||
| 037 | _aTextual | ||
| 040 |
_aDSWL _beng _cDSWL |
||
| 041 |
_aeng _2eng |
||
| 084 |
_aZQ2<-2:N4, H8 _qDSWL |
||
| 245 | 0 | _aReport of the select committee on law | |
| 260 |
_aAhemadabad _b Navajivan Publishing Houe _c1948 |
||
| 300 | _a38p. | ||
| 942 |
_cTEXL _hZQ2<-2:N4, H8 |
||
| 999 |
_c1441230 _d1441230 |
||